The poems of Longfellow
Gespeichert in:
| 1. Verfasser: | |
|---|---|
| Format: | Buch |
| Sprache: | Englisch |
| Veröffentlicht: |
Nueva York
Modern Library
1932
|
| Schlagworte: | |
| Tags: |
Tag hinzufügen
Keine Tags, Fügen Sie den ersten Tag hinzu!
|
MARC
| LEADER | 00000nam a2200000 a 4500 | ||
|---|---|---|---|
| 001 | UCQ3186 | ||
| 003 | CL-VaPUC | ||
| 008 | 980817e19320000US |||||||||||||||||eng|d | ||
| 082 | 0 | 4 | |a 821 |b LON |2 21 |
| 100 | |a Longfellow, Henry Wadsworth |e autor |9 418090 | ||
| 245 | 1 | 4 | |a The poems of Longfellow |
| 300 | |a 678 p | ||
| 942 | |c BK | ||
| 945 | |d 19980817 00:00:00 |a crobeson | ||
| 260 | |a Nueva York |b Modern Library |c 1932 | ||
| 650 | 0 | |a Poesías inglesas |9 265094 | |
| 650 | 0 | |a Literatura inglesa |9 312907 | |
| 583 | |a last modification |c 19980817 00:00:00 |k Rodrigo Vera | ||
| 999 | |c 273785 |d 273783 | ||
| 952 | |0 0 |1 0 |4 0 |6 821_000000000000000_LON_1932 |7 0 |8 A |9 309645 |a BIBEDU |b BIBEDU |d 2019-11-20 |i 1452290 |o 821 LON 1932 |p 1452290 |r 2019-11-20 |w 2019-11-20 |y BK |k LIT | ||